Η ιστορία των αισθήσεων : ακοή

Αποθηκεύτηκε σε:
Λεπτομέρειες βιβλιογραφικής εγγραφής
Κύριος συγγραφέας: Ackerman, Diane
Άλλοι συγγραφείς: Έμκε, Έλλη (trlf)
Μορφή: Βιβλίο
Γλώσσα:Greek
English
Δημοσίευση: Αθήνα : Περίπλους, c1990.
Θέματα:
Ετικέτες: Προσθήκη ετικέτας
Δεν υπάρχουν, Καταχωρήστε ετικέτα πρώτοι!

MARC

LEADER 00000cam a2200000 i 4500
001 1/76258
008 080228s1990 gr | ||| |||| ||gre||
020 |a 9608202000 
035 |l 10095133 
040 |a GR-MY-UA  |b gre  |e aacr 
041 1 |a gre  |h eng 
082 7 |a 152.15   |2 (22) 
100 1 |a Ackerman, Diane. 
245 1 2 |a Η ιστορία των αισθήσεων :   |b ακοή /   |c Diane Ackerman ; μετάφραση: Έλλη Έκμε.  
260 |a Αθήνα :   |b Περίπλους,   |c c1990.  
300 |a 168 σ. ;   |c 19 εκ.  
500 |a Μετάφραση του: A natural history of the senses.  
650 0 0 |a Hearing. 
650 0 0 |a Senses and sensation. 
700 1 |a Έμκε, Έλλη,  |e trlf 
852 |a INST  |b LESVOS  |e 20080228  |h 152.15 ACK  |p 005100040625  |q 005100040625  |t BK  |y 4  |x 20200313 
901 |a BIBL1-2008-1 
909 |a Λ  |b 144567 
922 |a 1ΕΛΗ  |b 200801  |c ΕΠΕΑΕΚ2/ΤΚΑ  |d Σ. ΠΑΤΑΚΗΣ 
970 |a ΧΑΤΖΗΜΙΧΑΗΛ  |b ΜΑΡΙΑ  |z 2008/02/28